Effective communication of ideas

Đã lưu trong:
Bibliografiske detaljer
Hovedforfatter: Vardaman, George T.
Format: Bog
Sprog:Undetermined
Udgivet: New York Van Nostrand Reinhold Company 1970
Fag:
Tags: Tilføj Tag
Ingen Tags, Vær først til at tagge denne postø!
Thư viện lưu trữ: Trung tâm Học liệu Trường Đại học Cần Thơ
LEADER 00519nam a2200181Ia 4500
001 CTU_69100
008 210402s9999 xx 000 0 und d
082 |a 658.4 
082 |b V291 
100 |a Vardaman, George T. 
245 0 |a Effective communication of ideas 
245 0 |c George T. Vardaman 
260 |a New York 
260 |b Van Nostrand Reinhold Company 
260 |c 1970 
650 |a Communication in management,Communication 
904 |i TUYEN 
980 |a Trung tâm Học liệu Trường Đại học Cần Thơ